| 000 | 00740cab a2200217 4500 | ||
|---|---|---|---|
| 001 | WB3417-41 | ||
| 008 | 090401t1998 xxu||||| |||| 00| 0 eng d | ||
| 035 | _a(Sirsi) u86048 | ||
| 041 | _aeng | ||
| 245 | _aCouncil licensing scheme | ||
| 260 | _c1998 | ||
| 350 | _a0 | ||
| 490 |
_aProperty Week _v63(3) 1 May 1998, 22(1) |
||
| 520 | _aResidential letting agents in Birmingham are considering whether to take part in a licensing scheme run by the city council under which they could be penalised for bad service. | ||
| 650 | _aBIRMINGHAM CITY COUNCIL | ||
| 650 | _aLICENSING SCHEMES | ||
| 650 | _aRESIDENTIAL LETTING AGENTS | ||
| 690 | _aMANAGEMENT-BUSINESS MANAGEMENT-PROFESSIONAL PRACTICE | ||
| 942 | _n0 | ||
| 948 | _c07/05/1998 | ||
| 999 |
_c54132 _d54132 |
||